000 00618nam a2200217 a 4500
001 58250
003 BD-RjUL
005 20211209080612.0
008 161217s1977 ge ||||| |||| 00| 0 eng d
035 _a(BD-RjUL)58374
040 _aBD-RjUL
_beng
_cBD-RjUL
041 _aeng
082 _223
_a320.15
_bMOP 1977
100 _a Moser, Ernst
_9173030
245 _aPolitische Geistes-Menschlichkeit /
_c Ernst Moser
260 _aVerlag :
_bAristarch AG Chur,
_c1977.
300 _a352 p . ;
_c23 cm.
650 _a Staatsburgerschap.
_9173031
650 _aPolitiek bewustzijn.
_9173032
942 _2ddc
_cBK
999 _c58250
_d58250